Handbook for Dialysis Technician / (Record no. 247143)

MARC details
000 -LEADER
fixed length control field 00581nam a22001937a 4500
008 - FIXED-LENGTH DATA ELEMENTS--GENERAL INFORMATION
fixed length control field 240920b |||||||| |||| 00| 0 eng d
020 ## - INTERNATIONAL STANDARD BOOK NUMBER
International Standard Book Number 9788194854050
082 ## - DEWEY DECIMAL CLASSIFICATION NUMBER
Classification number 616.61
100 ## - MAIN ENTRY--PERSONAL NAME
Personal name Anjali Sharma
245 ## - TITLE STATEMENT
Title Handbook for Dialysis Technician /
Statement of responsibility, etc Dr. Anjali Sharma, Faswal Pichan, Clinical Dialysis Technologist
250 ## - EDITION STATEMENT
Edition statement 2nd
260 ## - PUBLICATION, DISTRIBUTION, ETC. (IMPRINT)
Place of publication, distribution, etc New Delhi
Name of publisher, distributor, etc Mount Books
Date of publication, distribution, etc 2022
650 #0 - SUBJECT ADDED ENTRY--TOPICAL TERM
Topical term or geographic name as entry element Renal Dialysis
Form subdivision Allied Health Science
General subdivision Allied Health Science
700 ## - ADDED ENTRY--PERSONAL NAME
Personal name Anjali Sharma
700 ## - ADDED ENTRY--PERSONAL NAME
Personal name Pichan,Faswal
942 ## - ADDED ENTRY ELEMENTS (KOHA)
Item type Books
Holdings
Withdrawn status Lost status Damaged status Permanent location Current location Shelving location Date acquired Cost, normal purchase price Full call number Barcode Date last seen Koha item type
      CENTRAL LIBRARY, NOORUL ISLAM CENTRE FOR HIGHER EDUCATION CENTRAL LIBRARY, NOORUL ISLAM CENTRE FOR HIGHER EDUCATION Reference 07/10/2024 381.00 616.61 R2 83416 09/20/2024 Books
Visitors:
Copyright © 2024 Central Library NICHE.  All rights reserved.